Animal Crossing - les Villageois Oiseaux [avec image] - Statistiques

Statistiques générales
  • Ce quiz a été pris 11 fois
  • Le résultat moyen est 7 sur 18
Statistiques - réponses
Par images Réponse % Correct
Gérard
67%
Neige
67%
Titi
67%
Pec
44%
Robie
44%
Boumboum
33%
Condor
33%
Darius
33%
Jacky
33%
Jacob
33%
Maurice
33%
Michèle
33%
Miguel
33%
Gilbert
22%
Maréchal
22%
Médolie
22%
Neuneu
22%
Ottis
22%
Aucun quiz correspondant
Distribution des résultats
% des personnes avec chaque résultat
Percentile par nombre de réponses
Votre historique - résultats
Vous n’avez pas pris ce quiz